| 000 | 00970pam a2200301 a 4500 | ||
|---|---|---|---|
| 001 | 3015483 | ||
| 003 | OSt | ||
| 005 | 20240315135133.0 | ||
| 008 | 940711s1995 mdua b 001 0 eng c | ||
| 010 | _a 94029937 | ||
| 020 | _a0683074903 | ||
| 040 |
_aDNLM/DLC _cDLC _dDLC |
||
| 050 | 0 | 0 |
_aQM601 _b.L35 1995 |
| 060 | 0 | 0 | _aQS 604 S126m 1995 |
| 082 | 0 | 0 |
_aQS 604 S15l _220 |
| 100 | 1 |
_aSadler, T. W.; Jill, Leland _9438 |
|
| 245 | 1 | 0 | _aLangman's Medical Embryology |
| 250 | _a5th ed. | ||
| 260 |
_aBaltimore; _bWilliams & Wilkins, _c1985. |
||
| 300 |
_axi, 410 p. : _bill. (some col.) ; _c23 cm. |
||
| 504 | _aIncludes bibliographical references and index. | ||
| 650 | 0 | 0 |
_aEmbryology _9204 |
| 650 | 0 | 0 |
_aDeveloping abnormalities _91284 |
| 740 | 0 | _aMedical embryology. | |
| 906 |
_a7 _bcbc _corignew _d1 _eocip _f19 _gy-gencatlg |
||
| 942 |
_2z _cO_SHELF |
||
| 999 |
_c4086 _d4086 |
||